Histology: Respiratory System Tissues - Statistics

General Stats
  • This quiz has been taken 20 times
  • The average score is 6 of 25
Answer Stats
Hint Answer % Correct
Hyaline Cartilage Cricoid
43%
Elastic Cartilage Epiglottis
43%
Hyaline Cartilage Thyroid
43%
Hyaline Cartilage Arytenoid
29%
Ciliated Simple Columnar Epithelium Mucosa of Bronchiole
29%
Ciliated Simple Cuboidal Epithelium Mucosa of Bronchiole
29%
Keratinized Stratified Squamous Epithelium Mucosa of Vestibule
29%
Nonkeratinized Stratified Squamous Epithelium Mucosa of Vestibule
29%
Elastic Cartilage Corniculate
29%
Elastic Cartilage Cuneiform
29%
Respiratory Epithelium Mucosa of Nasal Cavity
29%
Simple Squamous Epithelium Alveoli Cells
14%
Nonkeratinized Stratified Squamous Epithelium Laryngopharynx
14%
Respiratory Epithelium Mucosal Surface Inferior of True Vocal Cord
14%
Nonkeratinized Stratified Squamous Epithelium Mucosal Surface of True Vocal Cord
14%
Respiratory Epithelium Mucosal Surface of Vestibular Folds
14%
Simple Cuboidal Epithelium Mucosa of Alveolar Duct
14%
Ciliated Pseudo-Stratified Columnar Epithelium with Seromucous Glands Mucosa of Bronchial Tree
14%
Ciliated Simple Cuboidal Epithelium Mucosa of Terminal Bronchiole
14%
Ciliated Pseudo-Stratified Columnar Epithelium with Seromucous Glands Mucosa of Trachae
14%
Respiratory Epithelium Nasopharynx
14%
Nonkeratinized Stratified Squamous Epithelium Oropharynx
14%
Simple Squamous Epithelium Parietal Pleura
14%
Simple Squamous Epithelium Pleural Cavity
14%
Simple Squamous Epithelium Visceral Pleura
14%
No matching quizzes found
Score Distribution
Percent of People with Each Score
Percentile by Number Answered
Your Score History
You have not taken this quiz